[Event "Rapid"]
[Site "Estonia Resort Hotel & Spa conference center, Pärnu, EE"]
[Date "2025.08.17"]
[Round "6"]
[White "Mayorau, Mikita"]
[Black "Povilaitis, Tomas"]
[Result "1-0"]
[Board "5"]
[WhiteFideId "13501720"]
[BlackFideId "12811700"]
[WhiteTitle "GM"]
[WhiteElo "2433"]
[BlackElo "2163"]
[WhiteTeam "POL"]
[BlackTeam "LTU"]
[WhiteClock "0:00:37"]
[BlackClock "0:00:16"]
[Variant "Standard"]

1. d4 {[%clk 0:15:05]}  d5 {[%clk 0:15:05]} 2. c4 {[%clk 0:15:05]}  e6 {[%clk 0:15:06]} 3. Nc3 {[%clk 0:15:04]}  Nf6 {[%clk 0:15:07]} 4. cxd5 {[%clk 0:15:04]}  exd5 {[%clk 0:15:08]} 5. Bg5 {[%clk 0:15:05]}  Be7 {[%clk 0:15:10]} 6. e3 {[%clk 0:15:06]}  c6 {[%clk 0:15:12]} 7. Bd3 {[%clk 0:15:07]}  Nbd7 {[%clk 0:15:14]} 8. Qc2 {[%clk 0:15:01]}  Nh5 {[%clk 0:15:15]} 9. Bxe7 {[%clk 0:14:58]}  Qxe7 {[%clk 0:15:16]} 10. Nge2 {[%clk 0:14:26]}  g6 {[%clk 0:15:17]} 11. O-O {[%clk 0:14:25]}  O-O {[%clk 0:15:16]} 12. Rae1 {[%clk 0:14:26]}  Nb6 {[%clk 0:14:37]} 13. Kh1 {[%clk 0:14:19]}  Ng7 {[%clk 0:14:38]} 14. a4 {[%clk 0:12:22]}  Bf5 {[%clk 0:14:27]} 15. Bxf5 {[%clk 0:12:06]}  Nxf5 {[%clk 0:14:27]} 16. a5 {[%clk 0:12:05]}  Nc4 {[%clk 0:14:16]} 17. a6 {[%clk 0:11:58]}  bxa6 {[%clk 0:13:23]} 18. Nf4 {[%clk 0:11:39]}  Qd6 {[%clk 0:12:45]} 19. Nd3 {[%clk 0:11:16]}  Rfe8 {[%clk 0:12:23]} 20. Nd1 {[%clk 0:07:41]}  Re4 {[%clk 0:11:56]} 21. b3 {[%clk 0:07:30]}  Nb6 {[%clk 0:10:56]} 22. Nc3 {[%clk 0:06:50]}  Rh4 {[%clk 0:10:44]} 23. h3 {[%clk 0:06:35]}  Nd7 {[%clk 0:10:21]} 24. Ra1 {[%clk 0:05:45]}  g5 {[%clk 0:10:12]} 25. Ne5 {[%clk 0:04:11]}  Qe6 {[%clk 0:09:22]} 26. Nf3 {[%clk 0:03:32]}  Rh5 {[%clk 0:09:24]} 27. Kg1 {[%clk 0:03:21]}  Nh4 {[%clk 0:08:08]} 28. Nxh4 {[%clk 0:03:11]}  Rxh4 {[%clk 0:08:10]} 29. Ne2 {[%clk 0:03:05]}  g4 {[%clk 0:02:43]} 30. Nf4 {[%clk 0:03:00]}  Qf6 {[%clk 0:02:45]} 31. Rxa6 {[%clk 0:02:40]}  Nb6 {[%clk 0:02:47]} 32. g3 {[%clk 0:02:10]}  Rh6 {[%clk 0:00:18]} 33. hxg4 {[%clk 0:02:09]}  Qg5 {[%clk 0:00:10]} 34. Qf5 {[%clk 0:02:06]}  Qxf5 {[%clk 0:00:10]} 35. gxf5 {[%clk 0:02:07]}  Rd6 {[%clk 0:00:08]} 36. Rfa1 {[%clk 0:02:07]}  Rb8 {[%clk 0:00:10]} 37. Rxa7 {[%clk 0:02:06]}  Nd7 {[%clk 0:00:12]} 38. Ra8 {[%clk 0:02:05]}  Rxa8 {[%clk 0:00:14]} 39. Rxa8+ {[%clk 0:02:06]}  Kg7 {[%clk 0:00:17]} 40. Nh5+ {[%clk 0:01:42]}  Kh6 {[%clk 0:00:19]} 41. g4 {[%clk 0:01:43]}  c5 {[%clk 0:00:21]} 42. Rd8 {[%clk 0:01:27]}  c4 {[%clk 0:00:14]} 43. bxc4 {[%clk 0:01:26]}  dxc4 {[%clk 0:00:17]} 44. Rc8 {[%clk 0:01:21]}  Nb6 {[%clk 0:00:19]} 45. Rc7 {[%clk 0:01:20]}  f6 {[%clk 0:00:15]} 46. Ng3 {[%clk 0:01:07]}  Rd7 {[%clk 0:00:06]} 47. Rc6 {[%clk 0:01:07]}  Rb7 {[%clk 0:00:06]} 48. Ne4 {[%clk 0:01:03]}  Na4 {[%clk 0:00:05]} 49. Rxc4 {[%clk 0:01:01]}  Rb1+ {[%clk 0:00:07]} 50. Kg2 {[%clk 0:01:02]}  Nb6 {[%clk 0:00:07]} 51. Rc6 {[%clk 0:00:56]}  Nd5 {[%clk 0:00:08]} 52. Rd6 {[%clk 0:00:51]}  Nb4 {[%clk 0:00:09]} 53. Rxf6+ {[%clk 0:00:42]}  Kg7 {[%clk 0:00:11]} 54. Rb6 {[%clk 0:00:44]}  Kf7 {[%clk 0:00:13]} 55. g5 {[%clk 0:00:44]}  Rb2 {[%clk 0:00:13]} 56. g6+ {[%clk 0:00:43]}  hxg6 {[%clk 0:00:15]} 57. fxg6+ {[%clk 0:00:45]}  Kg7 {[%clk 0:00:17]} 58. Ng3 {[%clk 0:00:39]}  Nd3 {[%clk 0:00:19]} 59. Nf5+ {[%clk 0:00:37]}  Kf8 {[%clk 0:00:16]} 60. Rxb2 {[%clk 0:00:37]}  Nxb2 {[%clk 0:00:17]} 61. d5 {[%clk 0:00:39]}  Nc4 {[%clk 0:00:20]} 62. d6 {[%clk 0:00:40]}  Ne5 {[%clk 0:00:22]} 63. g7+ {[%clk 0:00:40]}  Kf7 {[%clk 0:00:24]} 64. f4 {[%clk 0:00:40]}  Nd7 {[%clk 0:00:25]} 65. e4 {[%clk 0:00:40]}  Nf6 {[%clk 0:00:20]} 66. e5 {[%clk 0:00:42]}  Nd5 {[%clk 0:00:14]} 67. Kf3 {[%clk 0:00:37]}  Nb6 {[%clk 0:00:16]} 68. e6+ {[%clk 0:00:37]} 1-0

[Event "Rapid"]
[Site "Estonia Resort Hotel & Spa conference center, Pärnu, EE"]
[Date "2025.08.17"]
[Round "6"]
[White "Adamovics, Aleksejs"]
[Black "Wartiovaara, Oliver"]
[Result "0-1"]
[Board "6"]
[WhiteFideId "11622075"]
[BlackFideId "513024"]
[BlackTitle "FM"]
[WhiteElo "2208"]
[BlackElo "2341"]
[WhiteTeam "LAT"]
[BlackTeam "FIN"]
[WhiteClock "0:07:30"]
[BlackClock "0:12:37"]
[Variant "Standard"]

1. c4 {[%clk 0:15:05]}  e6 {[%clk 0:15:04]} 2. Nf3 {[%clk 0:15:06]}  d5 {[%clk 0:15:07]} 3. g3 {[%clk 0:15:08]}  d4 {[%clk 0:15:08]} 4. Bg2 {[%clk 0:15:09]}  Nc6 {[%clk 0:15:11]} 5. O-O {[%clk 0:14:57]}  Nf6 {[%clk 0:15:10]} 6. e3 {[%clk 0:14:55]}  e5 {[%clk 0:15:12]} 7. d3 {[%clk 0:14:48]}  Bc5 {[%clk 0:15:13]} 8. exd4 {[%clk 0:14:48]}  Bxd4 {[%clk 0:15:15]} 9. Nxd4 {[%clk 0:14:46]}  Nxd4 {[%clk 0:15:16]} 10. Re1 {[%clk 0:14:38]}  O-O {[%clk 0:15:18]} 11. Rxe5 {[%clk 0:13:46]}  Bg4 {[%clk 0:15:19]} 12. f3 {[%clk 0:12:47]}  Nxf3+ {[%clk 0:15:21]} 13. Bxf3 {[%clk 0:12:12]}  Qd4+ {[%clk 0:15:23]} 14. Re3 {[%clk 0:11:50]}  Rfe8 {[%clk 0:15:06]} 15. Kg2 {[%clk 0:09:32]}  Rxe3 {[%clk 0:14:59]} 16. Bxe3 {[%clk 0:08:36]}  Bxf3+ {[%clk 0:14:20]} 17. Qxf3 {[%clk 0:08:11]}  Qxb2+ {[%clk 0:14:21]} 18. Nd2 {[%clk 0:08:13]}  Qxa1 {[%clk 0:14:23]} 19. Qxb7 {[%clk 0:08:15]}  Re8 {[%clk 0:14:23]} 20. Qxa7 {[%clk 0:08:12]}  Qe1 {[%clk 0:13:59]} 21. Nf1 {[%clk 0:07:36]}  Ng4 {[%clk 0:13:10]} 22. Bd4 {[%clk 0:07:30]}  h5 {[%clk 0:12:37]} 0-1

[Event "Rapid"]
[Site "Estonia Resort Hotel & Spa conference center, Pärnu, EE"]
[Date "2025.08.17"]
[Round "6"]
[White "Vingris,Mikelis"]
[Black "Kopylov, Michael"]
[Result "1-0"]
[Board "7"]
[WhiteFideId "11611731"]
[BlackFideId "14105080"]
[BlackTitle "IM"]
[WhiteElo "2160"]
[BlackElo "2328"]
[WhiteTeam "LAT"]
[BlackTeam "UKR"]
[WhiteClock "0:00:35"]
[BlackClock "0:00:05"]
[Variant "Standard"]

1. e4 {[%clk 0:15:05]}  Nf6 {[%clk 0:15:04]} 2. Nc3 {[%clk 0:15:00]}  d5 {[%clk 0:15:06]} 3. e5 {[%clk 0:14:57]}  Nfd7 {[%clk 0:15:08]} 4. d4 {[%clk 0:14:57]}  c5 {[%clk 0:15:09]} 5. f4 {[%clk 0:13:25]}  cxd4 {[%clk 0:14:48]} 6. Qxd4 {[%clk 0:13:26]}  e6 {[%clk 0:14:49]} 7. Be3 {[%clk 0:13:10]}  Nc6 {[%clk 0:14:16]} 8. Qd2 {[%clk 0:13:11]}  d4 {[%clk 0:13:30]} 9. Bxd4 {[%clk 0:13:06]}  Nxd4 {[%clk 0:13:32]} 10. Qxd4 {[%clk 0:13:06]}  Bc5 {[%clk 0:13:34]} 11. Qd2 {[%clk 0:12:53]}  g5 {[%clk 0:12:20]} 12. Nf3 {[%clk 0:10:16]}  gxf4 {[%clk 0:10:42]} 13. Ne4 {[%clk 0:09:48]}  Be3 {[%clk 0:09:34]} 14. Nd6+ {[%clk 0:09:44]}  Kf8 {[%clk 0:09:34]} 15. Qc3 {[%clk 0:08:53]}  Nb6 {[%clk 0:08:26]} 16. Bd3 {[%clk 0:08:30]}  Nd5 {[%clk 0:08:17]} 17. Qa3 {[%clk 0:08:28]}  Kg7 {[%clk 0:06:39]} 18. c4 {[%clk 0:08:28]}  Ne7 {[%clk 0:06:41]} 19. Ng5 {[%clk 0:07:24]}  Rf8 {[%clk 0:02:51]} 20. Nxh7 {[%clk 0:07:18]}  Rh8 {[%clk 0:02:53]} 21. Ng5 {[%clk 0:06:21]}  Rf8 {[%clk 0:02:56]} 22. h4 {[%clk 0:05:58]}  Nc6 {[%clk 0:02:53]} 23. Nf3 {[%clk 0:05:34]}  Qb6 {[%clk 0:02:34]} 24. Kf1 {[%clk 0:03:43]}  Nd4 {[%clk 0:01:53]} 25. h5 {[%clk 0:03:18]}  Nxf3 {[%clk 0:00:47]} 26. h6+ {[%clk 0:03:18]}  Kh8 {[%clk 0:00:47]} 27. gxf3 {[%clk 0:03:14]}  Bd7 {[%clk 0:00:48]} 28. Rd1 {[%clk 0:02:22]}  Qd4 {[%clk 0:00:41]} 29. Qc3 {[%clk 0:01:44]}  Bc6 {[%clk 0:00:32]} 30. Ke2 {[%clk 0:01:35]}  Qxc3 {[%clk 0:00:15]} 31. bxc3 {[%clk 0:01:36]}  Rad8 {[%clk 0:00:13]} 32. Be4 {[%clk 0:01:27]}  Rd7 {[%clk 0:00:07]} 33. Bxc6 {[%clk 0:01:11]}  bxc6 {[%clk 0:00:09]} 34. Ne4 {[%clk 0:01:05]}  Rfd8 {[%clk 0:00:08]} 35. Rxd7 {[%clk 0:00:56]}  Rxd7 {[%clk 0:00:11]} 36. Rb1 {[%clk 0:00:54]}  Rd8 {[%clk 0:00:05]} 37. Nf6 {[%clk 0:00:32]}  Bb6 {[%clk 0:00:04]} 38. c5 {[%clk 0:00:34]}  Bxc5 {[%clk 0:00:06]} 39. Rb7 {[%clk 0:00:36]}  Be3 {[%clk 0:00:05]} 40. Rxf7 {[%clk 0:00:35]} 1-0

[Event "Rapid"]
[Site "Estonia Resort Hotel & Spa conference center, Pärnu, EE"]
[Date "2025.08.17"]
[Round "6"]
[White "Muzis, Renars"]
[Black "Kostov, Deyan Samuil"]
[Result "1/2-1/2"]
[Board "8"]
[WhiteFideId "11626348"]
[BlackFideId "30909015"]
[BlackTitle "FM"]
[WhiteElo "2131"]
[BlackElo "2308"]
[WhiteTeam "LAT"]
[BlackTeam "BUL"]
[WhiteClock "0:03:56"]
[BlackClock "0:07:11"]
[Variant "Standard"]

1. e4 {[%clk 0:15:04]}  c5 {[%clk 0:15:05]} 2. Nf3 {[%clk 0:15:06]}  e6 {[%clk 0:15:06]} 3. d4 {[%clk 0:14:54]}  cxd4 {[%clk 0:15:07]} 4. Nxd4 {[%clk 0:14:56]}  Nc6 {[%clk 0:15:08]} 5. Nc3 {[%clk 0:14:40]}  Qc7 {[%clk 0:15:08]} 6. Be2 {[%clk 0:14:33]}  a6 {[%clk 0:15:08]} 7. O-O {[%clk 0:14:22]}  Nf6 {[%clk 0:15:08]} 8. Be3 {[%clk 0:14:22]}  Be7 {[%clk 0:15:05]} 9. f4 {[%clk 0:14:09]}  Nxd4 {[%clk 0:14:52]} 10. Bxd4 {[%clk 0:13:31]}  d6 {[%clk 0:14:53]} 11. Qe1 {[%clk 0:13:25]}  b5 {[%clk 0:14:33]} 12. a3 {[%clk 0:13:26]}  Bb7 {[%clk 0:14:20]} 13. Bd3 {[%clk 0:13:20]}  O-O {[%clk 0:13:43]} 14. Qg3 {[%clk 0:13:19]}  Rad8 {[%clk 0:13:36]} 15. Rae1 {[%clk 0:12:35]}  Rd7 {[%clk 0:13:30]} 16. Kh1 {[%clk 0:12:27]}  Re8 {[%clk 0:13:14]} 17. e5 {[%clk 0:09:42]}  dxe5 {[%clk 0:13:14]} 18. Bxe5 {[%clk 0:09:41]}  Qc6 {[%clk 0:12:43]} 19. Ne4 {[%clk 0:08:52]}  Nh5 {[%clk 0:11:41]} 20. Qg4 {[%clk 0:07:49]}  g6 {[%clk 0:11:38]} 21. Ng5 {[%clk 0:07:07]}  f5 {[%clk 0:09:21]} 22. Qe2 {[%clk 0:06:14]}  Bxg5 {[%clk 0:08:37]} 23. fxg5 {[%clk 0:06:14]}  Rd5 {[%clk 0:08:33]} 24. Rf2 {[%clk 0:05:33]}  Qc5 {[%clk 0:07:13]} 25. Rff1 {[%clk 0:03:54]}  Qc6 {[%clk 0:07:15]} 26. Rf2 {[%clk 0:03:56]}  Qc5 {[%clk 0:07:11]} 1/2-1/2

[Event "Rapid"]
[Site "Estonia Resort Hotel & Spa conference center, Pärnu, EE"]
[Date "2025.08.17"]
[Round "6"]
[White "Paikens, Reinis"]
[Black "Nissinen, Niilo Man"]
[Result "0-1"]
[Board "9"]
[WhiteFideId "11624078"]
[BlackFideId "30950767"]
[BlackTitle "FM"]
[WhiteElo "2271"]
[BlackElo "1941"]
[WhiteTeam "LAT"]
[BlackTeam "HKG"]
[WhiteClock "0:00:11"]
[BlackClock "0:00:36"]
[Variant "Standard"]

1. c4 {[%clk 0:15:03]}  e6 {[%clk 0:15:04]} 2. Nf3 {[%clk 0:14:59]}  d5 {[%clk 0:15:06]} 3. b3 {[%clk 0:14:58]}  Nf6 {[%clk 0:15:05]} 4. g3 {[%clk 0:14:57]}  Bd6 {[%clk 0:14:57]} 5. Bg2 {[%clk 0:14:10]}  Nbd7 {[%clk 0:14:29]} 6. O-O {[%clk 0:14:07]}  O-O {[%clk 0:14:00]} 7. d3 {[%clk 0:14:05]}  Re8 {[%clk 0:13:32]} 8. Nbd2 {[%clk 0:13:56]}  c6 {[%clk 0:13:27]} 9. e4 {[%clk 0:13:34]}  dxe4 {[%clk 0:13:11]} 10. dxe4 {[%clk 0:13:30]}  e5 {[%clk 0:13:10]} 11. Bb2 {[%clk 0:13:27]}  Nc5 {[%clk 0:12:59]} 12. Qc2 {[%clk 0:13:25]}  Bg4 {[%clk 0:12:21]} 13. Rfe1 {[%clk 0:13:25]}  a5 {[%clk 0:12:17]} 14. Rad1 {[%clk 0:13:24]}  Qc7 {[%clk 0:12:15]} 15. h3 {[%clk 0:13:20]}  Bh5 {[%clk 0:12:09]} 16. g4 {[%clk 0:13:22]}  Bg6 {[%clk 0:12:10]} 17. Nh4 {[%clk 0:13:24]}  Ne6 {[%clk 0:12:01]} 18. Nf5 {[%clk 0:12:46]}  Bc5 {[%clk 0:11:40]} 19. Nf3 {[%clk 0:12:08]}  Nd7 {[%clk 0:11:20]} 20. Rxd7 {[%clk 0:07:31]}  Qxd7 {[%clk 0:11:21]} 21. Nxe5 {[%clk 0:07:32]}  Qc7 {[%clk 0:10:47]} 22. Nd3 {[%clk 0:07:27]}  Bf8 {[%clk 0:08:11]} 23. Re3 {[%clk 0:07:14]}  Nf4 {[%clk 0:07:43]} 24. Nxf4 {[%clk 0:06:56]}  Qxf4 {[%clk 0:07:43]} 25. c5 {[%clk 0:05:44]}  Rad8 {[%clk 0:07:28]} 26. e5 {[%clk 0:03:36]}  Rd7 {[%clk 0:06:39]} 27. Bf3 {[%clk 0:02:46]}  Red8 {[%clk 0:06:17]} 28. Bc1 {[%clk 0:02:44]}  Qb4 {[%clk 0:03:53]} 29. Rc3 {[%clk 0:02:45]}  Bxf5 {[%clk 0:03:35]} 30. gxf5 {[%clk 0:02:46]}  Re8 {[%clk 0:03:34]} 31. Rc4 {[%clk 0:02:32]}  Qe1+ {[%clk 0:03:35]} 32. Kg2 {[%clk 0:02:25]}  Qxe5 {[%clk 0:03:17]} 33. Bb2 {[%clk 0:01:57]}  Qc7 {[%clk 0:02:53]} 34. Rg4 {[%clk 0:01:54]}  Kh8 {[%clk 0:02:36]} 35. Qc4 {[%clk 0:01:41]}  f6 {[%clk 0:02:34]} 36. Bxf6 {[%clk 0:01:36]}  Bxc5 {[%clk 0:02:01]} 37. Bc3 {[%clk 0:01:07]}  Bb4 {[%clk 0:01:59]} 38. Bb2 {[%clk 0:00:43]}  Rf7 {[%clk 0:01:19]} 39. Be4 {[%clk 0:00:28]}  Qe7 {[%clk 0:00:59]} 40. Kh1 {[%clk 0:00:10]}  Bd6 {[%clk 0:00:55]} 41. f3 {[%clk 0:00:12]}  b5 {[%clk 0:00:36]} 42. Qxc6 {[%clk 0:00:10]}  Be5 {[%clk 0:00:38]} 43. Bc1 {[%clk 0:00:07]}  Rd8 {[%clk 0:00:33]} 44. Qc2 {[%clk 0:00:05]}  Qc7 {[%clk 0:00:32]} 45. Qxc7 {[%clk 0:00:06]}  Rxc7 {[%clk 0:00:33]} 46. Be3 {[%clk 0:00:07]}  Rd1+ {[%clk 0:00:32]} 47. Kg2 {[%clk 0:00:08]}  Ra1 {[%clk 0:00:30]} 48. f4 {[%clk 0:00:09]}  Rxa2+ {[%clk 0:00:31]} 49. Kf3 {[%clk 0:00:11]}  Bf6 {[%clk 0:00:33]} 50. h4 {[%clk 0:00:10]}  a4 {[%clk 0:00:34]} 51. bxa4 {[%clk 0:00:12]}  bxa4 {[%clk 0:00:36]} 52. h5 {[%clk 0:00:14]}  Ra3 {[%clk 0:00:34]} 53. Ke2 {[%clk 0:00:11]}  Re7 {[%clk 0:00:36]} 0-1

[Event "Rapid"]
[Site "Estonia Resort Hotel & Spa conference center, Pärnu, EE"]
[Date "2025.08.17"]
[Round "6"]
[White "Puusepp, Kaimar"]
[Black "Savitha Shri B"]
[Result "0-1"]
[Board "10"]
[WhiteFideId "4502760"]
[BlackFideId "35061887"]
[WhiteTitle "CM"]
[BlackTitle "IM"]
[WhiteElo "2034"]
[BlackElo "2244"]
[WhiteTeam "EST"]
[BlackTeam "IND"]
[WhiteClock "0:01:08"]
[BlackClock "0:01:11"]
[Variant "Standard"]

1. c4 {[%clk 0:15:05]}  e5 {[%clk 0:15:05]} 2. Nf3 {[%clk 0:15:06]}  Nc6 {[%clk 0:14:57]} 3. Nc3 {[%clk 0:15:03]}  d6 {[%clk 0:14:28]} 4. d4 {[%clk 0:15:01]}  exd4 {[%clk 0:14:26]} 5. Nxd4 {[%clk 0:15:03]}  Nf6 {[%clk 0:14:17]} 6. g3 {[%clk 0:14:25]}  Ne5 {[%clk 0:14:08]} 7. b3 {[%clk 0:13:46]}  Be7 {[%clk 0:14:11]} 8. Bg2 {[%clk 0:13:47]}  c6 {[%clk 0:13:54]} 9. O-O {[%clk 0:13:47]}  Qc7 {[%clk 0:12:38]} 10. e4 {[%clk 0:13:46]}  Bd7 {[%clk 0:12:26]} 11. h3 {[%clk 0:13:23]}  h5 {[%clk 0:12:24]} 12. f4 {[%clk 0:12:37]}  Ng6 {[%clk 0:12:25]} 13. Nf5 {[%clk 0:12:19]}  Bxf5 {[%clk 0:11:56]} 14. exf5 {[%clk 0:12:21]}  Nf8 {[%clk 0:11:57]} 15. Be3 {[%clk 0:11:36]}  N8d7 {[%clk 0:11:55]} 16. b4 {[%clk 0:10:51]}  Nb6 {[%clk 0:11:33]} 17. Qd3 {[%clk 0:10:09]}  O-O {[%clk 0:11:33]} 18. Rac1 {[%clk 0:09:10]}  Rad8 {[%clk 0:11:16]} 19. b5 {[%clk 0:07:54]}  Rfe8 {[%clk 0:10:08]} 20. Bd4 {[%clk 0:07:27]}  Nfd7 {[%clk 0:06:52]} 21. Ne4 {[%clk 0:06:15]}  Nc5 {[%clk 0:06:26]} 22. Qc2 {[%clk 0:06:08]}  Nxe4 {[%clk 0:06:00]} 23. Bxe4 {[%clk 0:06:09]}  Qd7 {[%clk 0:05:48]} 24. a4 {[%clk 0:04:37]}  Bf8 {[%clk 0:03:37]} 25. a5 {[%clk 0:04:34]}  Nxc4 {[%clk 0:03:34]} 26. bxc6 {[%clk 0:04:12]}  bxc6 {[%clk 0:03:36]} 27. Bxc6 {[%clk 0:04:11]}  Qxc6 {[%clk 0:03:38]} 28. Qxc4 {[%clk 0:03:31]}  Qe4 {[%clk 0:03:41]} 29. Bxa7 {[%clk 0:02:38]}  Qxf5 {[%clk 0:03:42]} 30. Kh2 {[%clk 0:02:09]}  Qxa5 {[%clk 0:03:41]} 31. Bd4 {[%clk 0:01:58]}  Re4 {[%clk 0:03:10]} 32. Qd3 {[%clk 0:01:54]}  Rde8 {[%clk 0:02:53]} 33. Rf2 {[%clk 0:01:53]}  Qd5 {[%clk 0:02:50]} 34. Rd1 {[%clk 0:01:52]}  Re1 {[%clk 0:02:37]} 35. Rxe1 {[%clk 0:01:34]}  Rxe1 {[%clk 0:02:38]} 36. Rf3 {[%clk 0:01:36]}  Qe6 {[%clk 0:01:56]} 37. Bf2 {[%clk 0:01:34]}  Re2 {[%clk 0:01:50]} 38. Kg2 {[%clk 0:01:30]}  d5 {[%clk 0:01:33]} 39. Re3 {[%clk 0:01:28]}  Rxe3 {[%clk 0:01:34]} 40. Qxe3 {[%clk 0:01:31]}  Qxe3 {[%clk 0:01:10]} 41. Bxe3 {[%clk 0:01:33]}  f5 {[%clk 0:01:12]} 42. Kf3 {[%clk 0:01:32]}  Kf7 {[%clk 0:01:14]} 43. Bd4 {[%clk 0:01:28]}  Ke6 {[%clk 0:01:14]} 44. g4 {[%clk 0:01:20]}  hxg4+ {[%clk 0:01:16]} 45. hxg4 {[%clk 0:01:22]}  g6 {[%clk 0:01:18]} 46. Kg3 {[%clk 0:01:10]}  Be7 {[%clk 0:01:20]} 47. g5 {[%clk 0:01:05]}  Kd7 {[%clk 0:01:21]} 48. Kf3 {[%clk 0:01:07]}  Kc6 {[%clk 0:01:23]} 49. Ke3 {[%clk 0:01:07]}  Bc5 {[%clk 0:01:12]} 50. Kd3 {[%clk 0:01:06]}  Bxd4 {[%clk 0:01:14]} 51. Kxd4 {[%clk 0:01:08]}  Kd6 {[%clk 0:01:11]} 0-1

[Event "Rapid"]
[Site "Estonia Resort Hotel & Spa conference center, Pärnu, EE"]
[Date "2025.08.17"]
[Round "6"]
[White "Tolmaceva, Alona"]
[Black "Chibukhchian, Artur"]
[Result "0-1"]
[Board "11"]
[WhiteFideId "11622938"]
[BlackFideId "13300717"]
[BlackTitle "GM"]
[WhiteElo "1861"]
[BlackElo "2361"]
[WhiteTeam "LAT"]
[BlackTeam "ARM"]
[WhiteClock "0:00:10"]
[BlackClock "0:00:17"]
[Variant "Standard"]

1. e4 {[%clk 0:15:01]}  g6 {[%clk 0:14:57]} 2. d4 {[%clk 0:15:02]}  Bg7 {[%clk 0:14:58]} 3. Nc3 {[%clk 0:15:03]}  d6 {[%clk 0:14:59]} 4. f4 {[%clk 0:15:03]}  a6 {[%clk 0:15:01]} 5. Nf3 {[%clk 0:15:00]}  b5 {[%clk 0:15:03]} 6. Be3 {[%clk 0:14:59]}  Bb7 {[%clk 0:15:04]} 7. Bd3 {[%clk 0:15:00]}  Nd7 {[%clk 0:15:05]} 8. Ne2 {[%clk 0:14:14]}  c5 {[%clk 0:14:55]} 9. c3 {[%clk 0:14:09]}  Ngf6 {[%clk 0:14:44]} 10. Ng3 {[%clk 0:14:02]}  cxd4 {[%clk 0:14:38]} 11. cxd4 {[%clk 0:12:38]}  O-O {[%clk 0:14:38]} 12. O-O {[%clk 0:12:30]}  Ng4 {[%clk 0:14:31]} 13. Bd2 {[%clk 0:12:02]}  e5 {[%clk 0:14:08]} 14. fxe5 {[%clk 0:10:40]}  dxe5 {[%clk 0:14:06]} 15. h3 {[%clk 0:10:02]}  Ngf6 {[%clk 0:13:51]} 16. dxe5 {[%clk 0:09:46]}  Nxe5 {[%clk 0:13:47]} 17. Nxe5 {[%clk 0:09:46]}  Qd4+ {[%clk 0:13:49]} 18. Kh2 {[%clk 0:09:34]}  Qxe5 {[%clk 0:13:49]} 19. Bc3 {[%clk 0:09:35]}  Qe6 {[%clk 0:12:34]} 20. Qf3 {[%clk 0:09:00]}  Nd7 {[%clk 0:12:35]} 21. Bxg7 {[%clk 0:08:23]}  Kxg7 {[%clk 0:12:36]} 22. Bc2 {[%clk 0:07:23]}  Ne5 {[%clk 0:12:37]} 23. Qe3 {[%clk 0:06:40]}  Rad8 {[%clk 0:12:04]} 24. Bb3 {[%clk 0:06:28]}  Qe7 {[%clk 0:12:06]} 25. Rad1 {[%clk 0:06:03]}  Rxd1 {[%clk 0:10:05]} 26. Rxd1 {[%clk 0:06:04]}  Rc8 {[%clk 0:09:50]} 27. Qd4 {[%clk 0:05:33]}  h5 {[%clk 0:06:18]} 28. Ne2 {[%clk 0:03:53]}  Qc5 {[%clk 0:05:48]} 29. Nc3 {[%clk 0:02:29]}  a5 {[%clk 0:03:45]} 30. Bd5 {[%clk 0:00:52]}  Qxd4 {[%clk 0:03:43]} 31. Rxd4 {[%clk 0:00:54]}  Ba6 {[%clk 0:03:45]} 32. a3 {[%clk 0:00:45]}  h4 {[%clk 0:03:34]} 33. Kg1 {[%clk 0:00:34]}  Kf8 {[%clk 0:03:19]} 34. Ba2 {[%clk 0:00:18]}  Rc6 {[%clk 0:01:15]} 35. Bb3 {[%clk 0:00:20]}  Rb6 {[%clk 0:00:52]} 36. Nd5 {[%clk 0:00:11]}  Rd6 {[%clk 0:00:54]} 37. Kf2 {[%clk 0:00:10]}  Bc8 {[%clk 0:00:31]} 38. Ke3 {[%clk 0:00:10]}  Be6 {[%clk 0:00:33]} 39. Kd2 {[%clk 0:00:07]}  Bxd5 {[%clk 0:00:20]} 40. Bxd5 {[%clk 0:00:05]}  Ke7 {[%clk 0:00:20]} 41. Ke3 {[%clk 0:00:07]}  Rd7 {[%clk 0:00:19]} 42. Rd2 {[%clk 0:00:07]}  Rc7 {[%clk 0:00:19]} 43. Bb3 {[%clk 0:00:07]}  Rc5 {[%clk 0:00:19]} 44. Rd5 {[%clk 0:00:08]}  Rxd5 {[%clk 0:00:17]} 45. exd5 {[%clk 0:00:10]}  Kd6 {[%clk 0:00:16]} 46. Kd4 {[%clk 0:00:08]}  f5 {[%clk 0:00:14]} 47. Bd1 {[%clk 0:00:07]}  Nc4 {[%clk 0:00:07]} 48. Be2 {[%clk 0:00:08]}  Nb6 {[%clk 0:00:05]} 49. Bxb5 {[%clk 0:00:07]}  Nxd5 {[%clk 0:00:06]} 50. Be2 {[%clk 0:00:07]}  Nf4 {[%clk 0:00:07]} 51. Bf3 {[%clk 0:00:08]}  g5 {[%clk 0:00:09]} 52. Kc4 {[%clk 0:00:08]}  Ne6 {[%clk 0:00:07]} 53. Kb5 {[%clk 0:00:10]}  Nd4+ {[%clk 0:00:09]} 54. Kxa5 {[%clk 0:00:11]}  Nxf3 {[%clk 0:00:10]} 55. gxf3 {[%clk 0:00:13]}  g4 {[%clk 0:00:11]} 56. fxg4 {[%clk 0:00:13]}  fxg4 {[%clk 0:00:13]} 57. hxg4 {[%clk 0:00:14]}  h3 {[%clk 0:00:15]} 58. b4 {[%clk 0:00:12]}  h2 {[%clk 0:00:17]} 59. b5 {[%clk 0:00:14]}  h1=Q {[%clk 0:00:18]} 60. b6 {[%clk 0:00:10]}  Kc5 {[%clk 0:00:17]} 0-1